Knižný biznis na Slovensku
Z obsahu: Hľadanie strateného knižného trhu. Záujem Slovákov o knihy. Ani bestseller nemá vopred vyhrané. Od edičného plánu po marketing. České knihy tvoria štvrtinu slovenského trhu. Knihy predávajú doplnkové služby, ale i cena. Klub alebo hypermarket.
Gespeichert in:
| 1. Verfasser: | |
|---|---|
| Weitere Verfasser: | , |
| Format: | Buchkapitel |
| Sprache: | Slowakisch |
| Schlagworte: | |
| Tags: |
Keine Tags, Fügen Sie das erste Tag hinzu!
|
MARC
| LEADER | 00000naa$a2200000$$$4500 | ||
|---|---|---|---|
| 001 | 0039857 | ||
| 005 | 20231009082811.6 | ||
| 041 | 0 | |a slo | |
| 044 | |a SK | ||
| 245 | 1 | 0 | |a Knižný biznis na Slovensku |c Ján Záborský, Jarmila Horváthová, Martin Jesný |
| 520 | |a Z obsahu: Hľadanie strateného knižného trhu. Záujem Slovákov o knihy. Ani bestseller nemá vopred vyhrané. Od edičného plánu po marketing. České knihy tvoria štvrtinu slovenského trhu. Knihy predávajú doplnkové služby, ale i cena. Klub alebo hypermarket. | ||
| 610 | 2 | 0 | |a knihy |
| 610 | 2 | 0 | |a trh |
| 610 | 2 | 0 | |a obchod |
| 610 | 2 | 0 | |a ceny |
| 610 | 2 | 0 | |a služby doplnkové |
| 610 | 2 | 0 | |a Slovensko |
| 100 | 1 | |a Záborský, Ján | |
| 700 | 1 | |a Horváthová, Jarmila | |
| 700 | 1 | |a Jesný, Martin | |